Economía Internacional (Registro nro. 4309)
[ vista simple ]
| 000 -LEADER | |
|---|---|
| fixed length control field | 02478 a2200289 4500 |
| 001 - CONTROL NUMBER | |
| control field | 47168 |
| 005 - DATE AND TIME OF LATEST TRANSACTION | |
| control field | 20260407155740.0 |
| 008 - FIXED-LENGTH DATA ELEMENTS--GENERAL INFORMATION | |
| fixed length control field | 260407a1994 arg spa d |
| 003 - CONTROL NUMBER IDENTIFIER | |
| control field | AR-UNSa-BCEJYS |
| 040 ## - CATALOGING SOURCE | |
| Original cataloging agency | AR-UNSa-BCEJYS |
| Language of cataloging | spa |
| Transcribing agency | AR-UNSa-BCEJYS |
| 080 ## - UNIVERSAL DECIMAL CLASSIFICATION NUMBER | |
| Universal Decimal Classification number | 339.9 |
| Common auxiliary subdivision | Economía internacional en general. Relaciones económicas internacionales. Economía mundial |
| 020 ## - INTERNATIONAL STANDARD BOOK NUMBER | |
| International Standard Book Number | 84-481-1955-X |
| 100 1# - MAIN ENTRY--PERSONAL NAME | |
| Personal name | Turno Garuz, Joaquin |
| 245 10 - TITLE STATEMENT | |
| Title | Economía Internacional |
| Name of part/section of a work | teoría y política |
| 264 #1 - PRODUCTION, PUBLICATION, DISTRIBUTION, MANUFACTURE, AND COPYRIGHT NOTICE | |
| Place of production, publication, distribution, manufacture | Madrid : |
| Name of producer, publisher, distributor, manufacturer | McGraw-Hill |
| Date of production, publication, distribution, manufacture, or copyright notice | 1994 |
| 300 ## - PHYSICAL DESCRIPTION | |
| Extent | xxxiii, 845 p. |
| Dimensions | 24 cm |
| 505 ## - FORMATTED CONTENTS NOTE | |
| Formatted contents note | 1. Introducción - Primera Parte: Teoría del comercio internacional: 2. Productividad del trabajo y ventaja comparativa: el modelo ricardiano - 3. Factores específicos y distribución de la renta - 4. Dotación de recursos y comercio: el modelo Heckscher-Ohlin - 5. El modelo estándar de comercio - 6. Economías de escala, competencia imperfecta y comercio internacional - 7. Los movimientos internacionales de factores - Segunda Parte: Política comercial internacional: 8. Los instrumentos de la política comercial - 9. La economía política comercial - 10. La política comercial en los países en vías de desarrollo - 11. Política industrial en los países avanzados - Tercera Parte: Los tipos de cambio y la macroeconomía en una economía abierta: 12. La contabilidad nacional y la balanza de pagos - 13. Los tipos de cambio y el mercado de divisas. Un enfoque de activos - 14. El dinero, los tipos de interés y los tipos de cambio - 15. El nivel de precios y el tipo de cambio a largo plazo - 16. El producto nacional y los tipos de cambio a corto plazo - 17. Los tipos de cambio fijos y la intervención en los mercados de cambio - Cuarta Parte: La política macroeconómica internacional: 18. El sistema monetario internacional, 1870-1973 - 19. La política macroeconómica y la coordinación con tipos de cambio flotantes - 20. El mercado global de capitales: funcionamiento y problemas de política económica - 21. Los países en vías de desarrollo y el problema de la deuda internacional - |
| 590 ## - LOCAL NOTE (RLIN) | |
| Local note | niveau_biblio:m niveau_hierar:0 |
| 700 1# - ADDED ENTRY--PERSONAL NAME | |
| Personal name | Obstfeld, Maurice |
| 700 1# - ADDED ENTRY--PERSONAL NAME | |
| Personal name | Krugman, Paul R. |
| 700 1# - ADDED ENTRY--PERSONAL NAME | |
| Personal name | Sánchez Diaz, Emili |
| 700 1# - ADDED ENTRY--PERSONAL NAME | |
| Personal name | Olleta Taña, Jordi |
| 700 1# - ADDED ENTRY--PERSONAL NAME | |
| Personal name | Tugores Ques, Juan |
| 700 1# - ADDED ENTRY--PERSONAL NAME | |
| Personal name | Bernardos, Gonzalo |
| 856 41 - ELECTRONIC LOCATION AND ACCESS | |
| Uniform Resource Identifier | <a href="https://www.biblioeco.unsa.edu.ar/pmb/images/libros/L127417.jpg">https://www.biblioeco.unsa.edu.ar/pmb/images/libros/L127417.jpg</a> |
| Link text | Imagen de portada |
| Electronic format type | image/jpeg |
| 942 ## - ADDED ENTRY ELEMENTS (KOHA) | |
| Koha item type | |
| Withdrawn status | Lost status | Damaged status | Not for loan | Home library | Current library | Shelving location | Date acquired | Total checkouts | Full call number | Barcode | Date last seen | Price effective from | Koha item type |
|---|---|---|---|---|---|---|---|---|---|---|---|---|---|
| Biblioteca Prof. Eusebio Cleto del Rey | Biblioteca Prof. Eusebio Cleto del Rey | 07/04/2026 | 339.9 K94 | L127417 | 07/04/2026 | 07/04/2026 | Libro |